| 000 | 00551pab a2200193 454500 | ||
|---|---|---|---|
| 008 | 180718b2004 xxu||||| |||| 00| 0 eng d | ||
| 100 | _aKhan, Rana Ejaz | ||
| 245 | _aPart-time labour force participation of Pakistani children: a probit analysis | ||
| 260 | _c2004 | ||
| 300 | _ap.237-49. | ||
| 362 | _aApr-Jun | ||
| 650 | _aChildren - Pakistan | ||
| 650 | _aLabour force - Pakistan | ||
| 650 | _aChild labour - Pakistan | ||
| 650 | _aChild labour | ||
| 700 | _aAli, Karamat | ||
| 773 | _aIndian Journal of Labour Economics | ||
| 909 | _a62441 | ||
| 999 |
_c62441 _d62441 |
||